Online Catalogue and eLibrary

Feminism and nationalism in the Third World / (Record no. 479)

MARC details
000 -LEADER
fixed length control field 00818cam a2200217 a 4500
001 - CONTROL NUMBER
control field 1000138
005 - DATE AND TIME OF LATEST TRANSACTION
control field 20240222061520.0
008 - FIXED-LENGTH DATA ELEMENTS--GENERAL INFORMATION
fixed length control field 861121s1986 ii b 000 0 eng c
020 ## - INTERNATIONAL STANDARD BOOK NUMBER
ISBN 0862322642 (Zed Books) :
020 ## - INTERNATIONAL STANDARD BOOK NUMBER
ISBN 0862322650 (Zed Books : pbk.) :
040 ## - CATALOGING SOURCE (பட்டியலாக்க மூலம்)
Original cataloging agency MH
Transcribing agency MH
Modifying agency DLC
082 00 - DDC Classification
Class No. 322.4.
DDC Edition Number 19
Item Number - Author Mark FEM.
100 1# - MAIN ENTRY--PERSONAL NAME
Personal name Jayawardena, Kumari.
245 10 - TITLE STATEMENT
Title Feminism and nationalism in the Third World /
Statement of responsibility, etc. Kumari Jayawardena.
260 ## - PUBLICATION, DISTRIBUTION, ETC.
Place of publication, distribution, etc. New Delhi :
Name of publisher, distributor, etc. Kali for Women ;
Place of publication, distribution, etc. London :
Name of publisher, distributor, etc. Zed Books ;
Place of publication, distribution, etc. Totowa, N.J. :
Name of publisher, distributor, etc. U.S. Distributor, Biblio Distribution Center,
Date of publication, distribution, etc. 1986.
300 ## - PHYSICAL DESCRIPTION
Extent (e.g. Volumes, Pages etc.) 275 p. ;
500 ## - GENERAL NOTE
General note Revised and expanded version of: Feminism and nationalism in the Third World in the 19th and early 20th centuries.
650 #0 - SUBJECT ADDED ENTRY--TOPICAL TERM
Topical term or geographic name entry element Nationalism and feminism
650 #0 - SUBJECT ADDED ENTRY--TOPICAL TERM
Topical term or geographic name entry element Nationalism and feminism
942 ## - Koha item type (Biblio)
Koha item type Books in Stacks (Lending)
Holdings
Lost status Damaged status Collection code Home library Current library Date acquired Full call number Accession Number Item type
    Lending WERC Library WERC Library 02/22/2024 322.4. FEM. 4863 Books in Stacks (Lending)

© WERC Library